All 1 Syllable Words That Rhyme With "it" - 3 Minute Sprint - Statistics

General Stats
  • This quiz has been taken 328 times
  • The average score is 21 of 72
Answer Stats
Answer % Correct
Bit
99%
Hit
96%
Sit
96%
Fit
95%
Pit
95%
Lit
94%
Nit
90%
Kit
87%
Wit
87%
Brit
80%
Tit
77%
Slit
76%
Flit
75%
Spit
71%
Grit
69%
Mitt
69%
Chit
67%
Quit
65%
Rit
61%
Writ
58%
Knit
57%
Frit
54%
Skit
46%
Split
39%
Whit
38%
Smit
37%
Drit
23%
Sprit
14%
Witt
13%
Kitt
10%
Pitt
10%
Litt
9%
Bitte
8%
Britt
8%
Pritt
8%
Sitt
7%
Fitt
6%
Squit
6%
Blitt
5%
Mitte
5%
Scrit
5%
Hitt
4%
Plitt
4%
Smitt
4%
Whitt
4%
Witte
4%
Kitte
3%
Twitt
3%
Fitte
2%
Hitte
2%
Splitt
2%
Tritt
2%
Vitt
2%
Ditte
1%
Dritte
1%
Gitte
1%
Quitt
1%
Sittwe
1%
Stitt
1%
Titte
1%
Citat
0%
Fsplit
0%
Fytte
0%
Jytte
0%
Quitte
0%
Schlitt
0%
Schmidt
0%
Schmit
0%
Schmitt
0%
Schnitt
0%
Schritt
0%
Ttytte
0%
No matching quizzes found
Score Distribution
Percent of People with Each Score
Percentile by Number Answered
Your Score History
You have not taken this quiz